Music Quiz

Random Music or Artist Quiz
Score 0/20 Timer 03:00
1 Play Today
Question Answer Wrong Answers
Cry Me a River Justin Timberlake
96.1%
Justin Bieber
3.8%
Since U Been Gone Kelly Clarkson
94.9%
Adele
4.7%
Lose Yourself Eminem
94.5%
Bono
3.2%
Crazy in Love Beyonce
93.2%
Nicki Minaj
3.4%
Get Ur Freak On Missy Elliott
88.2%
Rihanna
9.7%
Hey Ya! OutKast
87.6%
Ying Yang Twins
9.1%
99 Problems Jay-Z
87.3%
Snoop Dogg
9.3%
Beautiful Day U2
85.5%
Coldplay
11.7%
Paper Planes M.I.A.
82.5%
Katy Perry
14.2%
In Da Club 50 Cent
82.4%
Ice Cube
15.4%
Jesus Walks Kanye West
81%
Dr Dre
18.4%
Rehab Amy Winehouse
79%
Jessie J
18.1%
Crazy Gnarls Barkley
77.9%
Nas
18.4%
Hurt Johnny Cash
76.5%
Bruce Springsteen
21.5%
My Humps Black Eyed Peas
75.5%
Pussycat Dolls
21.9%
Seven Nation Army The White Stripes
74.3%
Arctic Monkeys
22.5%
Maps Yeah Yeah Yeahs
73.5%
Green Day
23.2%
Last Nite The Strokes
73.5%
Velvet Underground
24.7%
Time To Pretend MGMT
48.8%
Brand New
48.4%
Mississippi Bob Dylan
45.2%
Neil Young
53.5%
Remove Ads.
Support Sporcle.
Get the best of Sporcle when you Go Orange. This ad-free experience offers more features, more stats, and more fun while also helping to support Sporcle. Thank you for becoming a member.

You're not logged in!

Compare scores with friends on all Sporcle quizzes.
OR
Log In

Show Comments

Extras

Top Quizzes Today


Score Distribution

Your Account Isn't Verified!

In order to create a playlist on Sporcle, you need to verify the email address you used during registration. Go to your Sporcle Settings to finish the process.

Report this User

Report this user for behavior that violates our Community Guidelines.

Details: